| 000 | 00733nas a2200265Ia 4500 | ||
|---|---|---|---|
| 001 | dd34-46655 | ||
| 003 | IT-MiCISF | ||
| 008 | 161014c99999999xx |||||||||||| ||und|| | ||
| 040 |
_aIT-MiCISF _cIT-MiCISF |
||
| 041 | _aITALIANO | ||
| 100 | _aNovara Daniele | ||
| 210 | _aRocca | ||
| 222 | _aRocca | ||
| 245 | 0 | _aGli errori più comuni | |
| 250 | _a1a ed. | ||
| 260 | _c2009 | ||
| 501 |
_bCISF - Centro Internazionale Studi Famiglia - Via Giotto, 36 20145 MILANO (non commercial uses only) _cCopyright 2016 |
||
| 300 | _app. 33-34 | ||
| 362 | _a n. 12, 15 giugno [2009] | ||
| 500 | _a Tema: educazione-familiare | ||
| 650 |
_aEDUCAZIONE _varticolo |
||
| 700 | _aAA.VV. | ||
| 942 | _cCR | ||
| 957 | _71 | ||
| 999 |
_a46655 _bSi _g1 _c218904 _d218904 |
||